[Event "Juvisy 2023 MIF"]
[Site "?"]
[Date "2023.07.22"]
[Round "1"]
[White "RALISON, Milianto"]
[Black "LAZO, Andrei"]
[Result "0-1"]
[WhiteElo "2274"]
[BlackElo "2194"]
[PlyCount "74"]
[SourceDate "2023.07.13"]

1. e4 e6 2. d4 d5 3. Nd2 h6 4. Ngf3 Nf6 5. Bd3 c5 6. exd5 exd5 7. O-O c4 8.
Re1+ Be7 9. Bf1 O-O 10. a4 Bf5 11. c3 Nc6 12. b3 cxb3 13. Qxb3 Na5 14. Qa2 Rc8
15. Bb2 Bd6 16. Rac1 Ne4 17. g3 Nxd2 18. Nxd2 Bb8 19. Ba3 Bd6 20. Bb2 Bb8 21.
c4 dxc4 22. Nxc4 Nc6 23. Ne3 Be4 24. d5 Nb4 25. Qb3 Rxc1 26. Rxc1 Nxd5 27. Nxd5
Bxd5 28. Qc3 Qg5 29. h4 Qg6 30. Rd1 Bc6 31. Bc4 Kh7 32. h5 Qg5 33. Rd4 Be5 34.
Qd3+ f5 35. Ba3 Bxd4 36. Bxf8 Qxh5 37. Kf1 Bf3 0-1

[Event "Juvisy 2023 MIF"]
[Site "?"]
[Date "2023.07.22"]
[Round "1"]
[White "SHIRAZI, Kamran"]
[Black "BOSC, Serapkina"]
[Result "0-1"]
[WhiteElo "2279"]
[BlackElo "2134"]
[PlyCount "96"]
[SourceDate "2023.07.13"]

1. d4 Nf6 2. Nc3 d5 3. Bg5 e6 4. a3 h6 5. Bh4 Nbd7 6. e4 g5 7. Bg3 Nxe4 8. Nxe4
dxe4 9. f3 Bg7 10. fxe4 c5 11. Qd2 Nf6 12. Bd3 Nh5 13. Be5 cxd4 14. Bxg7 Nxg7
15. Nf3 O-O 16. h4 g4 17. Ng1 Qf6 18. O-O-O e5 19. Ne2 Nh5 20. Rdf1 Qg6 21. Kb1
Be6 22. Qe1 f6 23. Rf2 a6 24. Rhf1 b5 25. Rf5 Kh8 26. Qb4 Bxf5 27. Rxf5 g3 28.
Qa5 Qg4 29. Qd2 Kh7 30. Nxd4 Ng7 31. Ka2 exd4 32. Rf4 Qe6+ 33. b3 Qe5 34. Rf3
f5 35. exf5 Rf6 36. Qd1 Re8 37. Qh1 Qe1 38. Qh3 Re3 39. Rf1 Qd2 40. Ka1 Re1+
41. Rxe1 Qxe1+ 42. Ka2 h5 43. Kb2 Ne8 44. b4 Nc7 45. Be2 Nd5 46. Bxh5 Nc3 47.
a4 Qb1+ 48. Ka3 Qa2# 0-1

[Event "Juvisy 2023 MIF"]
[Site "?"]
[Date "2023.07.22"]
[Round "1"]
[White "FONTE SANCHEZ, Paula"]
[Black "BELKHODJA, Slim"]
[Result "0-1"]
[WhiteElo "1979"]
[BlackElo "2286"]
[PlyCount "94"]
[SourceDate "2023.07.13"]

1. c4 e5 2. Nc3 d6 3. g3 g6 4. Bg2 Bg7 5. e3 Ne7 6. Nge2 O-O 7. d4 Nbc6 8. O-O
exd4 9. exd4 Nf5 10. Be3 Nxe3 11. fxe3 Bg4 12. h3 Bxe2 13. Qxe2 f5 14. d5 Ne5
15. e4 Qg5 16. exf5 Qxg3 17. Ne4 Qd3 18. Qxd3 Nxd3 19. f6 Bh6 20. Rab1 Rae8 21.
h4 Re5 22. b4 Rh5 23. Rb3 Nc1 24. Rh3 Ne2+ 25. Kh1 Nf4 26. Rh2 Rf5 27. Bf3 Nh5
28. Be2 Rxf1+ 29. Bxf1 Re8 30. Ng5 Nxf6 31. Ne6 c6 32. Rf2 Bg7 33. Bg2 cxd5 34.
cxd5 Rc8 35. Re2 Rc1+ 36. Kh2 Ng4+ 37. Kg3 Ne5 38. a4 Rc3+ 39. Kh2 Ng4+ 40. Kg1
Be5 41. Bf1 h5 42. b5 b6 43. Nd8 Bd4+ 44. Kh1 Ne3 45. Bg2 Rc1+ 46. Kh2 Be5+ 47.
Kh3 Rc3 0-1

[Event "Juvisy 2023 MIF"]
[Site "?"]
[Date "2023.07.22"]
[Round "1"]
[White "AFRAOUI, Anaelle"]
[Black "LAM, Sophie"]
[Result "1-0"]
[WhiteElo "2128"]
[BlackElo "2064"]
[PlyCount "115"]
[SourceDate "2023.07.13"]

1. e4 c5 2. Nf3 Nc6 3. d4 cxd4 4. Nxd4 g6 5. c4 Bg7 6. Be3 Nf6 7. Nc3 d6 8. Be2
Bd7 9. Nc2 Be6 10. O-O O-O 11. Rc1 Nd7 12. Qd2 a5 13. Na3 Nc5 14. Nab5 a4 15.
f4 b6 16. f5 Bd7 17. Bg5 Ne5 18. Qe3 f6 19. Bh4 Rf7 20. Bg3 Qc8 21. Nd5 Rb8 22.
Nd4 Qf8 23. Bf4 Nc6 24. Nxc6 Bxc6 25. b4 axb3 26. axb3 Nd7 27. fxg6 hxg6 28.
Bg4 Bxd5 29. cxd5 f5 30. exf5 gxf5 31. Bh5 Rf6 32. Qg3 Ne5 33. Bg5 f4 34. Bxf4
Nd3 35. Qxd3 Rxf4 36. Bg4 Qf6 37. Be6+ Kh8 38. Rxf4 Qxf4 39. Rc4 Qh6 40. g3 Bf6
41. Kg2 Ra8 42. Qc2 Kg7 43. Rg4+ Kh8 44. Rg6 Qh5 45. Rg4 Qh6 46. Rf4 Kg7 47.
Qe2 Kh8 48. Rf5 Qg6 49. g4 Ra1 50. Rh5+ Kg7 51. Bf5 Qe8 52. Rh7+ Kf8 53. Qd2
Bg7 54. Rxg7 Kxg7 55. Qb2+ Kh6 56. Qxa1 Qb5 57. Qc1+ Kg7 58. Qg5+ 1-0

[Event "Juvisy 2023 MIF"]
[Site "?"]
[Date "2023.07.23"]
[Round "2"]
[White "IGLESIAS, Josha"]
[Black "FONTE SANCHEZ, Paula"]
[Result "1-0"]
[WhiteElo "2206"]
[BlackElo "1979"]
[PlyCount "79"]
[SourceDate "2023.07.13"]

1. d4 g6 2. e4 Bg7 3. Nf3 d6 4. Nbd2 Nd7 5. a4 b6 6. a5 Bb7 7. a6 Bc8 8. Bd3 e6
9. Nf1 c5 10. c3 Qc7 11. Bf4 e5 12. dxe5 dxe5 13. Bg5 h6 14. Bh4 c4 15. Be2 Qc6
16. Ne3 g5 17. Bxc4 Ne7 18. Bg3 Rb8 19. Bd5 Qc7 20. Nd4 Qc6 21. Ndf5 Kf8 22. f3
Nf6 23. Bf2 Qc7 24. Nxe7 Qxe7 25. O-O Kg8 26. Qb3 Be6 27. Bxe6 Qxe6 28. Qxe6
fxe6 29. Rfd1 Kh7 30. Bg3 Rbd8 31. Bxe5 Kg6 32. Bxf6 Bxf6 33. Rxd8 Rxd8 34. Rd1
Ra8 35. Rd6 Kf7 36. Rd7+ Be7 37. Kf1 h5 38. Ke2 Ke8 39. Rb7 Kf7 40. Nc4 1-0

[Event "Juvisy 2023 MIF"]
[Site "?"]
[Date "2023.07.23"]
[Round "2"]
[White "BELKHODJA, Slim"]
[Black "SHIRAZI, Kamran"]
[Result "0-1"]
[WhiteElo "2286"]
[BlackElo "2279"]
[PlyCount "54"]
[SourceDate "2023.07.13"]

1. c4 d5 2. cxd5 Nf6 3. e4 c6 4. dxc6 Nxc6 5. Nc3 e5 6. Bc4 a6 7. Nf3 b5 8. Bb3
Bc5 9. O-O Bg4 10. d3 O-O 11. Be3 Nd4 12. Bxd4 Bxd4 13. h3 Bxf3 14. Qxf3 Qb6
15. g3 a5 16. Rac1 Rad8 17. Nd5 Nxd5 18. Bxd5 Bxb2 19. Rc6 Qb8 20. Rb1 Bd4 21.
h4 b4 22. Rbc1 Bc3 23. Ra6 Rd6 24. Rxa5 Rf6 25. Qe2 Qb6 26. Rxc3 bxc3 27. Ra3
Qb4 0-1

[Event "Juvisy 2023 MIF"]
[Site "?"]
[Date "2023.07.23"]
[Round "2"]
[White "RALISON, Milanto Harifidy"]
[Black "AFRAOUI, Anaelle"]
[Result "1-0"]
[WhiteElo "2274"]
[BlackElo "2128"]
[PlyCount "81"]
[SourceDate "2023.07.13"]

1. e4 c5 2. Nf3 Nc6 3. d4 cxd4 4. Nxd4 Nf6 5. Nc3 d6 6. Bg5 e6 7. Qd2 a6 8.
O-O-O Bd7 9. f4 b5 10. a3 Qb6 11. Nb3 Ng4 12. Re1 h6 13. Bh4 g5 14. h3 gxh4 15.
hxg4 Be7 16. Kb1 Na5 17. Nxa5 Qxa5 18. Qd4 Rg8 19. Be2 Bc6 20. g5 hxg5 21. fxg5
b4 22. axb4 Qxg5 23. Rhf1 Qe5 24. Qb6 Bd7 25. Qb7 Rd8 26. Rg1 Bg5 27. Bxa6 Bd2
28. Rd1 Be3 29. Rh1 Ke7 30. Rd3 Rb8 31. Qc7 Bb6 32. Qc4 Bf2 33. Rf1 Bg3 34. b5
Rb6 35. Qc7 Qc5 36. Rxf7+ Kxf7 37. Qxd7+ Kg6 38. Qxe6+ Kg7 39. Rf3 d5 40. Qf7+
Kh8 41. Qh5+ 1-0

[Event "Juvisy 2023 MIF"]
[Site "?"]
[Date "2023.07.23"]
[Round "2"]
[White "LAM, Sophie"]
[Black "SCHIPPKE, Manon"]
[Result "0-1"]
[WhiteElo "2064"]
[BlackElo "2178"]
[PlyCount "65"]
[SourceDate "2023.07.13"]

1. e4 c5 2. Nf3 Nc6 3. d4 cxd4 4. Nxd4 Nf6 5. Nc3 d6 6. Be2 g6 7. Be3 Bg7 8.
Qd2 Ng4 9. Bxg4 Bxg4 10. f3 Be6 11. O-O Rc8 12. Rad1 O-O 13. Rfe1 Re8 14. b3 a6
15. Nce2 b5 16. Nxc6 Rxc6 17. Bd4 f6 18. Bb2 Bf7 19. Nd4 Rc5 20. c3 Qc8 21. Ne2
f5 22. exf5 Rxf5 23. Ng3 Rd5 24. Qe3 Re5 25. Qd2 Rxe1+ 26. Rxe1 d5 27. Nf1 e5
28. Ne3 Qc5 29. Kh1 Bh6 30. Qd3 e4 31. fxe4 Rxe4 32. Nc2 Qf2 33. Rf1 0-1

[Event "Juvisy 2023 MIF"]
[Site "?"]
[Date "2023.07.23"]
[Round "2"]
[White "LAZO, Andrei"]
[Black "BOSC, Seraphina"]
[Result "1-0"]
[WhiteElo "2194"]
[BlackElo "2134"]
[PlyCount "101"]
[SourceDate "2023.07.13"]

1. d4 Nf6 2. Nf3 e6 3. Bg5 d5 4. e3 c5 5. c3 Nbd7 6. Nbd2 Qc7 7. Bd3 Be7 8. O-O
O-O 9. Rc1 e5 10. dxe5 Nxe5 11. Nxe5 Qxe5 12. Nf3 Qc7 13. c4 d4 14. Bf4 Bd6 15.
Bxd6 Qxd6 16. exd4 cxd4 17. c5 Qc7 18. Nxd4 a6 19. Qc2 g6 20. Rfd1 Rd8 21. Bc4
Ng4 22. Nf3 Bf5 23. Bd3 Be6 24. h3 Nf6 25. Bc4 Bf5 26. Qb3 Rxd1+ 27. Qxd1 Rd8
28. Qe2 Qf4 29. Qe3 Qxe3 30. fxe3 Ne4 31. Ne5 Rd2 32. b4 Ng5 33. a4 Be4 34. Bf1
Ne6 35. Nc4 Rc2 36. Rxc2 Bxc2 37. a5 Nd8 38. Nd6 Bb3 39. Be2 Nc6 40. Nxb7 Nxb4
41. e4 Kf8 42. Kf2 f5 43. exf5 gxf5 44. Nd6 f4 45. Nf5 Nc6 46. Bxa6 Nxa5 47.
Nd4 Bd5 48. Bd3 h6 49. Be2 Ke8 50. Bf3 Bf7 51. Nf5 1-0

[Event "Juvisy 2023 MIF"]
[Site "?"]
[Date "2023.07.24"]
[Round "3"]
[White "BOSC, Seraphina"]
[Black "BELKHODJA, Slim"]
[Result "1/2-1/2"]
[WhiteElo "2134"]
[BlackElo "2286"]
[PlyCount "81"]
[SourceDate "2023.07.13"]

1. e4 d6 2. d4 Nf6 3. Nc3 c6 4. Bg5 Nbd7 5. Nf3 e5 6. Bd3 Be7 7. O-O h6 8. Bd2
O-O 9. Ne2 exd4 10. Nfxd4 Nc5 11. Ng3 Re8 12. h3 Bf8 13. Qf3 d5 14. exd5 Qxd5
15. Qxd5 Nxd5 16. Bc4 Nb6 17. Be2 Ne4 18. Nxe4 Rxe4 19. c3 Bd7 20. Bf3 Ree8 21.
b3 c5 22. Nc2 Bf5 23. Ne3 Be4 24. Bxe4 Rxe4 25. c4 Be7 26. Bc3 g6 27. a4 Nd7
28. Rad1 Nf8 29. Rfe1 f5 30. Nd5 Rxe1+ 31. Rxe1 Bd8 32. g4 fxg4 33. hxg4 Kf7
34. f4 h5 35. gxh5 gxh5 36. Re5 h4 37. f5 Rc8 38. f6 Nd7 39. Rh5 Nxf6 40. Nxf6
Bxf6 41. Bxf6 1/2-1/2

[Event "Juvisy 2023 MIF"]
[Site "?"]
[Date "2023.07.24"]
[Round "3"]
[White "FONTE SANCHEZ, Paula"]
[Black "LAM, Sophie"]
[Result "1-0"]
[WhiteElo "1979"]
[BlackElo "2064"]
[PlyCount "105"]
[SourceDate "2023.07.13"]

1. Nf3 c5 2. g3 Nc6 3. Bg2 g6 4. O-O Bg7 5. e4 d6 6. d3 e6 7. Nbd2 Nge7 8. c3
O-O 9. Re1 b6 10. Nf1 Bb7 11. Bd2 Qd7 12. h4 Rad8 13. N1h2 d5 14. e5 d4 15. c4
Kh8 16. g4 f6 17. exf6 Bxf6 18. h5 gxh5 19. g5 Bg7 20. Nh4 Ne5 21. Bxb7 Qxb7
22. Qxh5 Kg8 23. Qe2 Nf5 24. Ng2 Rde8 25. f4 Ng6 26. Ng4 Qc6 27. Ne5 Bxe5 28.
fxe5 Nfh4 29. Kh1 Nxg2 30. Qxg2 Qxg2+ 31. Kxg2 Rf5 32. Re4 Nxe5 33. Rf1 Kf7 34.
Rxe5 Rxf1 35. Kxf1 Ke7 36. Kg2 Rf8 37. Re2 Rg8 38. Kf3 Rf8+ 39. Kg3 Rf1 40. Re1
Rf8 41. Bf4 Kd7 42. Rh1 Rf7 43. Rh6 a6 44. Rf6 Rg7 45. Rf8 h6 46. Ra8 Kc6 47.
Rc8+ Kb7 48. Rc7+ Rxc7 49. Bxc7 hxg5 50. Bd8 b5 51. b3 Kc6 52. Bxg5 Kd6 53. Kf3
1-0

[Event "Juvisy 2023 MIF"]
[Site "?"]
[Date "2023.07.24"]
[Round "3"]
[White "SCHIPPKE, Manon"]
[Black "RALISON, Milanto Harifidy"]
[Result "1-0"]
[WhiteElo "2178"]
[BlackElo "2274"]
[PlyCount "95"]
[SourceDate "2023.07.13"]

1. e4 d5 2. exd5 Nf6 3. d4 Nxd5 4. c4 Nb6 5. h3 g6 6. Nf3 Bg7 7. Be2 O-O 8. Nc3
c5 9. Be3 Na6 10. O-O f5 11. d5 e5 12. Bg5 Qe8 13. d6 h6 14. Be7 Rf7 15. a4 Be6
16. Nh4 Kh7 17. g4 Rxe7 18. dxe7 Qxe7 19. a5 Rd8 20. Qb3 Nc8 21. Ng2 Nb4 22.
Rad1 Nd6 23. Nd5 Nxd5 24. cxd5 Bg8 25. Qe3 Qc7 26. Rc1 b6 27. axb6 axb6 28. b4
c4 29. f4 Re8 30. gxf5 Nxf5 31. Qd2 b5 32. Bg4 Nd4 33. f5 Bxd5 34. fxg6+ Kh8
35. Ne3 Be4 36. Nf5 Qb6 37. Kh2 Bxf5 38. Bxf5 e4 39. Qe3 Qd6+ 40. Kh1 Qxb4 41.
Bd7 Re7 42. Qf4 Re5 43. Ra1 Qf8 44. Qxf8+ Bxf8 45. Rf7 Re7 46. g7+ Bxg7 47.
Rxe7 b4 48. Ra4 1-0

[Event "Juvisy 2023 MIF"]
[Site "?"]
[Date "2023.07.24"]
[Round "3"]
[White "AFRAOUI, Anaelle"]
[Black "LAZO, Andrei"]
[Result "1-0"]
[WhiteElo "2128"]
[BlackElo "2194"]
[PlyCount "97"]
[SourceDate "2023.07.13"]

1. e4 e6 2. d4 d5 3. Nc3 Nf6 4. Bg5 dxe4 5. Nxe4 Be7 6. Bxf6 gxf6 7. Nf3 f5 8.
Nc3 c6 9. Qd2 Nd7 10. g3 b5 11. Bg2 Bb7 12. O-O h5 13. h4 a6 14. Rad1 Rg8 15.
Ne2 Qc7 16. Nf4 O-O-O 17. Qe3 Bd6 18. Ne5 Nxe5 19. dxe5 Bxe5 20. Rxd8+ Rxd8 21.
Nd3 Bd4 22. Qg5 c5 23. Bxb7+ Kxb7 24. c3 f6 25. Qf4 Be5 26. Qf3+ Kb6 27. b4 Qc6
28. Qe3 f4 29. bxc5+ Kb7 30. Nxf4 Bxf4 31. Qxf4 e5 32. Qf5 Rd5 33. Qxh5 Rxc5
34. Qf7+ Kb6 35. Rd1 Rxc3 36. Qe7 Ka5 37. Qd8+ Ka4 38. h5 Qf3 39. h6 Qh5 40.
Qd2 b4 41. Qd7+ Ka3 42. h7 e4 43. Qd8 e3 44. h8=Q exf2+ 45. Kg2 Qe5 46. Qh4 Rc2
47. Qd3+ Rc3 48. Qxa6+ Kb2 49. Qxb4+ 1-0

[Event "Juvisy 2023 MIF"]
[Site "?"]
[Date "2023.07.24"]
[Round "3"]
[White "SHIRAZI, Kamran"]
[Black "IGLESIAS, Yosha"]
[Result "1/2-1/2"]
[WhiteElo "2279"]
[BlackElo "2206"]
[PlyCount "112"]
[SourceDate "2023.07.13"]

1. d4 c6 2. g3 d5 3. Bg2 Nf6 4. c4 Bf5 5. Nc3 e6 6. cxd5 cxd5 7. e3 Nc6 8. Nge2
h5 9. h3 Bd6 10. f3 Bg6 11. O-O O-O 12. e4 dxe4 13. fxe4 e5 14. d5 Nd4 15. Nxd4
exd4 16. Qxd4 Nd7 17. Qf2 Ne5 18. Be3 a6 19. Rad1 Rc8 20. Kh1 Re8 21. Bd4 Qc7
22. Ne2 Qa5 23. Bc3 Qxa2 24. Nd4 Qc4 25. Nf5 Qc7 26. Nxd6 Qxd6 27. Rd4 f6 28.
Rfd1 Nf7 29. Bb4 Qd7 30. d6 Ng5 31. h4 Nxe4 32. Qf4 Rc2 33. Re1 Nf2+ 34. Kh2
Rxe1 35. Bxe1 Ng4+ 36. Kg1 Rxb2 37. Rb4 Rxb4 38. Bxb4 Qb5 39. Qd4 Ne5 40. Qd5+
Qxd5 41. Bxd5+ Bf7 42. Bxb7 Bc4 43. Kf2 Kf7 44. Ke3 Ke6 45. Bc8+ Nd7 46. Kd4
Bb5 47. Bb7 Ne5 48. Bd5+ Kf5 49. Bd2 Kg4 50. Bf4 Bd7 51. Bxe5 fxe5+ 52. Kxe5
Kxg3 53. Be6 Ba4 54. Bb3 Bd7 55. Be6 Ba4 56. Bb3 Bd7 1/2-1/2

[Event "Juvisy 2023 MIF"]
[Site "?"]
[Date "2023.07.24"]
[Round "4"]
[White "AFRAOUI, Anaelle"]
[Black "SCHIPPKE, Manon"]
[Result "1-0"]
[WhiteElo "2128"]
[BlackElo "2178"]
[PlyCount "73"]
[SourceDate "2023.07.13"]

1. e4 c5 2. Nf3 Nc6 3. d4 cxd4 4. Nxd4 e5 5. Nb5 d6 6. c4 g6 7. N1c3 a6 8. Na3
Bg7 9. Nc2 Be6 10. Be2 Nf6 11. O-O O-O 12. Be3 Rc8 13. Qd2 Ne7 14. Na3 Ne8 15.
Rfd1 Nc6 16. Nc2 f5 17. exf5 gxf5 18. f4 Qh4 19. Nd5 e4 20. g3 Qd8 21. Rab1 Kh8
22. b3 Ne7 23. Nb6 Rb8 24. Nb4 Nc8 25. Nxc8 Qxc8 26. Rbc1 b6 27. Nd5 Qd8 28.
Qb4 a5 29. Qd2 Rb7 30. Nc3 Rd7 31. Nb5 d5 32. c5 bxc5 33. Bxc5 Rg8 34. Nd4 Qf6
35. Bb5 Rd8 36. Qxa5 h5 37. Nxe6 1-0

[Event "Juvisy 2023 MIF"]
[Site "?"]
[Date "2023.07.24"]
[Round "4"]
[White "LAM, Sophie"]
[Black "SHIRAZI, Kamran"]
[Result "0-1"]
[WhiteElo "2064"]
[BlackElo "2279"]
[PlyCount "104"]
[SourceDate "2023.07.13"]

1. e4 c5 2. Nf3 d6 3. d4 cxd4 4. Nxd4 Nf6 5. Nc3 Nc6 6. Be2 e5 7. Nb3 Be6 8.
O-O Be7 9. Be3 O-O 10. Qd2 a6 11. Rad1 Rc8 12. Kh1 Re8 13. Bg5 Bf8 14. a3 h6
15. Be3 Kh8 16. f3 b5 17. Nc1 Na5 18. Rfe1 Nc4 19. Bxc4 Rxc4 20. Nd3 Qc7 21.
Re2 Rc8 22. Rc1 Qb7 23. Bf2 a5 24. Nd1 Qc7 25. Be1 Ra8 26. Ne3 Rc6 27. Bh4 Be7
28. Bf2 Nd7 29. g4 Nb6 30. Rg1 Nc4 31. Qd1 Nxe3 32. Bxe3 d5 33. g5 dxe4 34.
fxe4 h5 35. Nf2 Rd8 36. Rd2 g6 37. Rxd8+ Bxd8 38. c3 Be7 39. Qe2 Rc4 40. h3 b4
41. axb4 axb4 42. Bd2 Kh7 43. b3 Rxc3 44. Bxc3 bxc3 45. Qc2 Bc5 46. Rg2 Bd4 47.
Nd1 h4 48. Kh2 Qc5 49. Nf2 Qb5 50. Ng4 Qf1 51. Nf2 Be3 52. Nd3 Bg1+ 0-1

[Event "Juvisy 2023 MIF"]
[Site "?"]
[Date "2023.07.25"]
[Round "5"]
[White "BOSC, Seraphina"]
[Black "LAM, Sophie"]
[Result "1-0"]
[WhiteElo "2134"]
[BlackElo "2064"]
[PlyCount "69"]
[SourceDate "2023.07.13"]

1. e4 c5 2. Nc3 Nc6 3. Bb5 g6 4. Bxc6 dxc6 5. d3 Bg7 6. f4 Nf6 7. Nf3 b6 8. O-O
O-O 9. Qe1 Re8 10. Qh4 Nd7 11. g4 e5 12. Qxd8 Rxd8 13. f5 f6 14. h4 Rf8 15. Be3
Nb8 16. a4 a5 17. Nd2 Na6 18. Rf2 Nc7 19. Raf1 Ba6 20. Kh2 Ne8 21. Ne2 Nd6 22.
b3 Rae8 23. Ng3 Bc8 24. Nc4 Nxc4 25. bxc4 Ba6 26. g5 Rb8 27. fxg6 fxg5 28.
gxh7+ Kxh7 29. hxg5 Rh8 30. Nf5 Bf8 31. Kg3 Rb7 32. Nh4 Kg7 33. g6 Rxh4 34.
Kxh4 Be7+ 35. Kh5 1-0

[Event "Juvisy 2023 MIF"]
[Site "?"]
[Date "2023.07.25"]
[Round "5"]
[White "BELKHODJA, Slim"]
[Black "IGLESIAS, Yosha"]
[Result "0-1"]
[WhiteElo "2286"]
[BlackElo "2206"]
[PlyCount "71"]
[SourceDate "2023.07.13"]

1. d3 d5 2. Nf3 Nf6 3. Nbd2 Bg4 4. h3 Bh5 5. g4 Bg6 6. Nh4 e6 7. Bg2 Be7 8. e3
c5 9. Qe2 Nc6 10. f4 Ne4 11. Nxg6 Bh4+ 12. Nxh4 Qxh4+ 13. Kd1 Nf2+ 14. Ke1
Nxh1+ 15. Kd1 Nf2+ 16. Ke1 Nxd3+ 17. Kf1 Nxc1 18. Rxc1 O-O 19. c4 d4 20. Bxc6
bxc6 21. Kg2 Rad8 22. Nf3 Qe7 23. e4 d3 24. Qe3 Qb7 25. b3 Qa6 26. Qd2 Rd6 27.
h4 Qb6 28. h5 Qb4 29. Rc3 f5 30. gxf5 exf5 31. e5 Rdd8 32. Kf2 a5 33. a4 Rf7
34. Ke3 Rfd7 35. h6 Rd4 36. Qa2 0-1

[Event "Juvisy 2023 MIF"]
[Site "?"]
[Date "2023.07.25"]
[Round "5"]
[White "SCHIPPKE, Manon"]
[Black "LAZO, Andrei"]
[Result "0-1"]
[WhiteElo "2178"]
[BlackElo "2194"]
[PlyCount "116"]
[SourceDate "2023.07.13"]

1. f4 d5 2. Nf3 g6 3. g3 Bg7 4. Bg2 b6 5. O-O e6 6. d3 Nf6 7. Qe1 Bb7 8. a4 O-O
9. a5 c5 10. Ne5 b5 11. Nd2 Na6 12. c3 Nd7 13. Ndf3 Ndb8 14. d4 f6 15. Nd3 c4
16. Nb4 Nxb4 17. cxb4 Qe7 18. Bd2 Nd7 19. Bc3 Rad8 20. g4 e5 21. f5 e4 22. Nd2
Nb8 23. Nb1 a6 24. Na3 Nc6 25. Nc2 Bc8 26. Bd2 Qa7 27. Be3 Ne7 28. Bh3 Bd7 29.
Qg3 Kf7 30. Kh1 Rh8 31. Rf2 Qb8 32. Bf4 Qc8 33. Bc7 Rdg8 34. Ne3 g5 35. Bd6 Bc6
36. Bc5 Qb8 37. Bd6 Qd8 38. Kg1 h5 39. gxh5 Rxh5 40. Bg4 Rh4 41. h3 Rgh8 42.
Kf1 Ng8 43. Bc7 Qe7 44. Rg2 Nh6 45. Kf2 Bf8 46. Bb6 Nxg4+ 47. hxg4 Qd7 48. Nc2
Rh3 49. Qb8 Bxb4 50. Qxh8 e3+ 51. Kg1 Rxh8 52. Nxb4 Ke8 53. Ra3 Rh3 54. Nxc6
Qxc6 55. Rh2 Rxh2 56. Rxe3+ Kf7 57. Kxh2 Qd6+ 58. Kg2 Qf4 0-1

[Event "Juvisy 2023 MIF"]
[Site "?"]
[Date "2023.07.25"]
[Round "5"]
[White "FONTE SANCHEZ, Paula"]
[Black "AFRAOUI, Anaelle"]
[Result "1-0"]
[WhiteElo "1979"]
[BlackElo "2128"]
[PlyCount "111"]
[SourceDate "2023.07.13"]

1. e4 c5 2. Nf3 Nc6 3. d3 d6 4. g3 g6 5. Bg2 Bg7 6. O-O e5 7. Nc3 Nge7 8. Nd5
O-O 9. h3 h6 10. Nh2 Nxd5 11. exd5 Ne7 12. c3 Kh7 13. f4 exf4 14. Bxf4 g5 15.
Be3 Ng6 16. d4 c4 17. Qe2 b5 18. a4 bxa4 19. Qxc4 Bd7 20. g4 Rb8 21. Qe2 Kg8
22. Rf2 Qe7 23. Nf1 Nh4 24. Ng3 f5 25. gxf5 Nxf5 26. Nxf5 Rxf5 27. Rxf5 Bxf5
28. Re1 Qd7 29. Kh2 Re8 30. Qf2 Bg6 31. c4 Be4 32. Qd2 Bxg2 33. Kxg2 g4 34. Bf2
gxh3+ 35. Kh2 Rxe1 36. Qxe1 Qg4 37. Qe6+ Qxe6 38. dxe6 Kf8 39. c5 dxc5 40. d5
c4 41. Bc5+ Ke8 42. Ba3 Bf6 43. d6 Bg5 44. Bb4 Be3 45. Kxh3 Bb6 46. Kg4 a6 47.
Ba3 Bd4 48. Kh5 Be3 49. Kg6 h5 50. Kxh5 Bc1 51. Bc5 Bf4 52. Kg6 a3 53. Bxa3 Be3
54. d7+ Kd8 55. Kf7 Bg5 56. Bc5 1-0

[Event "Juvisy 2023 MIF"]
[Site "?"]
[Date "2023.07.25"]
[Round "5"]
[White "BELKHODJA, Slim"]
[Black "IGLESIAS, Yosha"]
[Result "0-1"]
[WhiteElo "2286"]
[BlackElo "2206"]
[PlyCount "72"]
[SourceDate "2023.07.13"]

1. d3 d5 2. Nf3 Nf6 3. Nbd2 Bg4 4. h3 Bh5 5. g4 Bg6 6. Nh4 e6 7. Bg2 Be7 8. e3
c5 9. Qe2 Nc6 10. f4 Ne4 11. Nxg6 Bh4+ 12. Nxh4 Qxh4+ 13. Kd1 Nf2+ 14. Ke1
Nxh1+ 15. Kd1 Nf2+ 16. Ke1 Nxd3+ 17. Kf1 Nxc1 18. Rxc1 O-O 19. c4 d4 20. Bxc6
bxc6 21. Kg2 Rad8 22. Nf3 Qe7 23. e4 d3 24. Qe3 Qb7 25. b3 Qa6 26. Qd2 Rd6 27.
h4 Qb6 28. h5 Qb4 29. Rc3 f5 30. gxf5 exf5 31. e5 Rdd8 32. Kf2 a5 33. a4 Rf7
34. Ke3 Rfd7 35. h6 Rd4 36. Qg2 Re4+ 0-1

[Event "Juvisy 2023 MIF"]
[Site "?"]
[Date "2023.07.26"]
[Round "6"]
[White "LAZO, Andrei"]
[Black "IGLESIAS, Yosha"]
[Result "1/2-1/2"]
[WhiteElo "2194"]
[BlackElo "2206"]
[PlyCount "36"]
[SourceDate "2023.07.13"]

1. d4 d5 2. c4 c6 3. cxd5 cxd5 4. Nc3 Nf6 5. Bf4 Nc6 6. e3 a6 7. Rc1 Bf5 8. Nf3
e6 9. Be2 Be7 10. O-O Nd7 11. Qa4 g5 12. Bg3 h5 13. h3 g4 14. hxg4 hxg4 15. Nh2
Bh4 16. Bf4 Bg5 17. Bg3 Bh4 18. Bf4 Bg5 1/2-1/2

[Event "Juvisy 2023 MIF"]
[Site "?"]
[Date "2023.07.25"]
[Round "6"]
[White "AFRAOUI, Anaelle"]
[Black "SHIRAZI, Kamran"]
[Result "1-0"]
[WhiteElo "2128"]
[BlackElo "2279"]
[PlyCount "53"]
[SourceDate "2023.07.13"]

1. e4 c5 2. Nf3 Nf6 3. e5 Nd5 4. Nc3 Nb4 5. d4 cxd4 6. Nxd4 N8c6 7. a3 Nxd4 8.
axb4 Nc6 9. b5 Nxe5 10. Qd4 d6 11. b6 Nc6 12. Qe3 Be6 13. Nb5 Rc8 14. bxa7 Nb4
15. Bd3 Bc4 16. a8=Q Rxa8 17. Rxa8 Qxa8 18. Nc7+ Kd7 19. Nxa8 Bxd3 20. Qh3+ e6
21. cxd3 d5 22. O-O Bc5 23. d4 Bxd4 24. Qb3 Bc5 25. Bd2 Rxa8 26. Bxb4 Kc6 27.
Bxc5 1-0

[Event "Juvisy 2023 MIF"]
[Site "?"]
[Date "2023.07.26"]
[Round "6"]
[White "SCHIPPKE, Manon"]
[Black "FONTE SANCHEZ, Paula"]
[Result "1-0"]
[WhiteElo "2178"]
[BlackElo "1979"]
[PlyCount "77"]
[SourceDate "2023.07.13"]

1. e4 c6 2. d4 d5 3. e5 c5 4. dxc5 e6 5. Be3 Nc6 6. Nf3 Nge7 7. c3 Qc7 8. Bb5
a6 9. Ba4 Bd7 10. O-O Nxe5 11. Nxe5 Qxe5 12. Bxd7+ Kxd7 13. Nd2 Qc7 14. Nc4 Nc8
15. Qd4 Ke8 16. Nd2 Ne7 17. Bf4 Qc6 18. b4 f6 19. Qd3 g5 20. Bg3 Nf5 21. f4 g4
22. Rfe1 Kf7 23. Nb3 h5 24. Bf2 Bh6 25. Na5 Qd7 26. c4 d4 27. Qe4 h4 28. Rad1
Rad8 29. Nxb7 g3 30. hxg3 hxg3 31. Bxd4 Nxd4 32. Nd6+ Kf8 33. Rxd4 e5 34. fxe5
Bg5 35. e6 Qe7 36. Nf5 Rxd4 37. Qxd4 Rh1+ 38. Kxh1 Qh7+ 39. Nh4 1-0

[Event "Juvisy 2023 MIF"]
[Site "?"]
[Date "2023.07.25"]
[Round "6"]
[White "RALISON, Milanto Harifidy"]
[Black "BOSC, sERAPHINA"]
[Result "1/2-1/2"]
[WhiteElo "2274"]
[BlackElo "2134"]
[PlyCount "62"]
[SourceDate "2023.07.13"]

1. e4 e6 2. d4 d5 3. Nd2 c5 4. Ngf3 Nc6 5. exd5 Qxd5 6. Bc4 Qd7 7. Nb3 cxd4 8.
O-O Nf6 9. Qe2 a6 10. a4 Qc7 11. Rd1 Bd6 12. Nbxd4 Ne7 13. Bg5 O-O 14. Bxf6
gxf6 15. Bxe6 fxe6 16. Nxe6 Qc6 17. Nxf8 Kxf8 18. Qd3 Nf5 19. g4 Ne7 20. Qxd6
Qxf3 21. Ra3 Qc6 22. Qf4 Kf7 23. Rd8 Qxc2 24. h3 b5 25. Rf3 Qxb2 26. Rd6 f5 27.
Re3 Bb7 28. Rd7 Be4 29. Rxe7+ Kxe7 30. Qxf5 Qc1+ 31. Kh2 Qc7+ 1/2-1/2

[Event "Juvisy 2023 MIF"]
[Site "?"]
[Date "2023.07.26"]
[Round "6"]
[White "LAM, Sophie"]
[Black "BELKHODJA, Slim"]
[Result "0-1"]
[WhiteElo "2064"]
[BlackElo "2286"]
[PlyCount "96"]
[SourceDate "2023.07.13"]

1. e4 c5 2. Nf3 Nc6 3. d4 cxd4 4. Nxd4 e5 5. Nb5 d6 6. N1c3 a6 7. Na3 b5 8. Nd5
Nce7 9. c4 Nxd5 10. Qxd5 Be6 11. Qd1 Nf6 12. Bg5 Qa5+ 13. Bd2 Qb6 14. Be3 Qb8
15. Qc2 b4 16. Nb1 Be7 17. Be2 O-O 18. O-O Rc8 19. b3 d5 20. exd5 Nxd5 21. Bc1
Bf6 22. Bb2 e4 23. Nd2 Bxb2 24. Qxb2 Nc3 25. Rfe1 Qe5 26. Nf1 f5 27. Ne3 a5 28.
Kh1 Rd8 29. Rac1 Qf6 30. Qc2 a4 31. Nd1 axb3 32. Qxb3 Nxa2 33. Rb1 Rd2 34. Qe3
Rad8 35. Qb6 Bf7 36. Qa5 g6 37. Kg1 Kg7 38. Bf1 Nc3 39. Nxc3 bxc3 40. Rbc1 c2
41. Qa2 Qc3 42. Re3 R8d3 43. Bxd3 exd3 44. Ree1 Qd4 45. Qa1 Qxa1 46. Rxa1 Bxc4
47. Kf1 Bb3 48. h4 Rd1 0-1